| 000 | 00856nam a22002537a 4500 | ||
|---|---|---|---|
| 003 | URS | ||
| 005 | 20250902134409.0 | ||
| 008 | 250902b |||||||| |||| 00| 0 eng d | ||
| 020 | _a978-0-443-11160-0 | ||
| 040 |
_erda _cURS _bEnglish |
||
| 050 |
_aRT50.5 _b.H289 2025 |
||
| 245 |
_aHarnessing digital technology and data for nursing practice / _cedited by Natasha Philippines, Gemma Stacey and Dawn Dowding. |
||
| 264 | 1 |
_aIndia : _bElsevier, _c©2025. |
|
| 300 |
_axx, 188 pages : _billustrations ; _c23 cm. |
||
| 336 |
_atext _btxt _2rdacontent |
||
| 337 |
_aunmediated _bn _2rdamedia |
||
| 338 |
_avolume _bnc _2rdacarrier |
||
| 500 | _aIncludes index. | ||
| 650 | 0 |
_aNursing informatics. _91048 |
|
| 700 |
_aPhillips, Natasha, _eeditor. _96437 |
||
| 700 |
_aStacey, Gemma, _eeditor. _96438 |
||
| 700 |
_aDowding, Dawn, _eeditor. _96439 |
||
| 942 |
_2lcc _cR |
||
| 999 |
_c85758 _d85756 |
||